00666cam a22002171a 450000100100000000500170001000800410002701000130006803500200008104000400010104200120014108200160015310000400016924500560020926000330026530000210029849000410031965000220036065000260038283000400040800000848620200929161341.0840709s1958 sp 000 0 spa  a55027019 a(OCoLC)10927146 aDO-SdBNPcWOshUdWOshUdCSdUdBNPHU apremarc a863.6bB6441 aBlasco Ibanez, Vicente,d1867-1928.10aCañas y barro :bnovela /cVicente Blasco Ibanez. aBarcelona :bPlaneta,c1958. a305 p. ;c20 cm.1 a"Autores espanoles contemporáneos" 4aNovela española 4aLiteratura española 0aAutores espanoles contemporáneos.